13 Ways to Not Eat 'Food' Quiz Stats

 Plays Quiz Updated Jan 5, 2018

Challenge
Share
Tweet
Embed
Score 0/13 Timer 01:00
1 Play Today
% Correct
Mood
91.2%
Good
88.7%
Hood
86.4%
Wood
80.9%
Rood
73.5%
Fool
68.8%
Pood
66.7%
Ford
64.6%
Foot
63.3%
Fold
59.6%
Fond
50.3%
Foos
45.9%
Feod
26.4%

You're not logged in!

Compare scores with friends on all Sporcle quizzes.
OR
Log In

You Might Also Like...

Show Comments

Extras

Top Quizzes Today


Score Distribution

Your Account Isn't Verified!

In order to create a playlist on Sporcle, you need to verify the email address you used during registration. Go to your Sporcle Settings to finish the process.

Report this User

Report this user for behavior that violates our Community Guidelines.

Details: